000 00388nam a2200109Ia 4500
008 171204s9999 xx 000 0 und d
245 _aGlobal Tax Governance: What's Wrong, and How to Fix It:
245 _cPeter Dietsch and Thomas Rixen
260 _c2016
650 _xASSURANCE PRINCIPLES, PROFESSIONAL ETHICS AND GOOD GOVERNANCE
856 _uhttp://down.ebook777.com/062/1785521268.pdf
999 _c345638
_d345638